[One Piece] Équipage d'Arlong - Statistiques

Statistiques générales
  • Ce quiz a été pris 58 fois
  • Le résultat moyen est 6 sur 10
Statistiques - réponses
Par images Réponse % Correct
Arlong
100%
Nami
98%
Octy
96%
Smack
84%
Meuh-Meuh
78%
Kuroobi
68%
Pisaro
24%
Kaneshiro
22%
Take
22%
Shioyaki
20%
Aucun quiz correspondant
Distribution des résultats
% des personnes avec chaque résultat
Percentile par nombre de réponses
Votre historique - résultats
Vous n’avez pas pris ce quiz